Estatísticas para PAISES QUE JA GANHARAM A COPA

Clique aqui para jogar o quiz

Estatísticas Gerais

  • Esse quiz foi jogado 223 vezes
  • A pontuação média é 20 de 21

Estatísticas das Respostas

COPAPAIS CAMPEÃO% Correto
2002BRASIL
99%
1958BRASIL
99%
1962BRASIL
99%
1970BRASIL
99%
1994BRASIL
99%
2018FRANÇA
97%
1998FRANÇA
97%
1990ALEMANHA
96%
2014ALEMANHA
96%
1954ALEMANHA
96%
1974ALEMANHA
96%
1978ARGENTINA
96%
1986ARGENTINA
96%
1982ITALIA
92%
1934ITALIA
92%
2006ITALIA
92%
1938ITALIA
92%
1950URUGUAI
92%
1930URUGUAI
92%
2010ESPANHA
90%
1966INGLATERRA
87%

Distribuição das Pontuações

Percentil de Números Respondidos

Porcentagem de Pessoas com Cada Pontuação

Sua Pontuação Histórica

Você não jogou esse quiz